000
00337nam a2200133Ia 4500
008
240624s9999 xx 000 0 und d
041
_a
eng
082
_a
658.15 SHA
100
_a
SHAPIRO ALAN C
245
_a
MODERN CORPORATE FINANCE
260
_c
2003
_a
New Delhi
_b
Pearson Education
300
_a
xxix, : 545 : p. : cm. ; 25
365
_c
RS
999
_c
532
_d
532